00527nam a2200181 a 4500001001300000003000900013005001700022008004100039020001000080082001300090100002500103245007300128260004000201500003500241505001000276650003400286700002500320nice12345678IN_TiNIC20260116011828.0050524s1946 hyda grp 000 0 eng  ac10000a027bOSM aOsmania University,  aLiterary Service of the Compilation and Translation Bureau 1917-1946 aHyderabadbOsmania Universityc1946 aincludes index and biblioraphy2 aIndex aManuscripts-Library-Catalogue1 aOsmania University,